[Event "AUTO-ADV-1062"]
[Site "http://www.queenalice.com/game.php?id=473169"]
[Date "2008.10.5"]
[Round "1"]
[White "jw16js"]
[Black "tomaz"]
[Result "0-1"]
[WhiteElo "1555"]
[BlackElo "1804"]

1. e4 e5 2. Bc4 Nf6 3. d3 c6 4. Bg5 Be7 5. Qf3 d6 6. h3 O-O 7. g4 h6 8. Bd2 a5
9. Ne2 b5 10. Bb3 a4 11. g5 hxg5 12. h4 g4 13. Qe3 axb3 14. cxb3 Be6 15. b4 Nbd7
16. h5 Nh7 17. h6 Bg5 18. Qg3 Bxd2+ 19. Nxd2 g6 20. Rh4 Ndf6 21. f3 Nh5 22. Qg2
Qxh4+ 23. Kd1 Nf4 24. Nxf4 exf4 25. Kc2 Qxh6 26. fxg4 Qg5 27. Qh2 Bxg4 28. a3
Rfe8 29. Rg1 Qh5 30. Qxf4 Be6 31. Nf3 c5 32. bxc5 Qxc5+ 33. Kd2 Qf2+ 34. Kc1
Rac8+ 35. Kd1 Bb3# 0-1

[Event "AUTO-ADV-1062"]
[Site "http://www.queenalice.com/game.php?id=473170"]
[Date "2008.10.5"]
[Round "1"]
[White "tomaz"]
[Black "afonso092"]
[Result "1-0"]
[WhiteElo "1854"]
[BlackElo "2038"]

1. e4 e5 2. Nf3 d6 3. Bb5+ c6 4. Ba4 Nf6 5. d3 Bg4 6. h3 Bh5 7. c3 Nbd7 8. O-O
Be7 9. Nbd2 O-O 10. Qe1 Bxf3 11. Nxf3 h6 12. Bc2 Qc7 13. Be3 d5 14. Qd2 dxe4 15.
dxe4 Nh7 16. Rfd1 Rfd8 17. Qe2 c5 18. c4 Ndf6 19. Rxd8+ Rxd8 20. b3 Qc6 21. Nxe5
Qe6 22. f4 Nd7 23. Nxd7 Rxd7 24. e5 f6 25. Bxh7+ Kxh7 26. exf6 Bxf6 27. Re1 Re7
28. Kf1 Bh4 29. Bf2 Qxe2+ 30. Rxe2 Rxe2 31. Kxe2 Bxf2 32. Kxf2 Kg6 33. g4 Kf6
34. Kg3 g5 35. fxg5+ hxg5 36. h4 gxh4+ 37. Kxh4 Kg6 38. g5 a5 39. a4 b6 40. Kg4
Kg7 41. Kf5 Kf7 42. g6+ Kg7 43. Kg5 Kg8 44. Kf6 Kf8 45. g7+ Kg8 46. Kg6 1-0

[Event "AUTO-ADV-1062"]
[Site "http://www.queenalice.com/game.php?id=473171"]
[Date "2008.10.5"]
[Round "1"]
[White "afonso092"]
[Black "tomaz"]
[Result "0-1"]
[WhiteElo "1995"]
[BlackElo "1882"]

1. e4 e5 2. Bc4 Nf6 3. d3 d6 4. h3 Be7 5. Bg5 h6 6. Bxf6 Bxf6 7. Nf3 O-O 8. O-O
c6 9. Nc3 a5 10. a3 Re8 11. Nh2 Be6 12. Bxe6 Rxe6 13. Ng4 Nd7 14. Rb1 Re8 15. f4
exf4 16. Rxf4 Bg5 17. Rf1 Bf6 18. Qd2 Bd4+ 19. Kh1 Nf6 20. Nxf6+ Bxf6 21. Rf3
Bg5 22. Qf2 Qe7 23. Rf1 Rf8 24. Ne2 Bf6 25. c3 c5 26. Ng3 Bh4 27. Qe2 Bxg3 28.
Rxg3 f6 29. Rg6 Kh7 30. Rg3 b5 31. Qg4 Qf7 32. Qf4 Rad8 33. Rgf3 Kg8 34. Rg3 Kh8
35. d4 cxd4 36. cxd4 Qe7 37. Rc1 Rfe8 38. Re3 Rf8 39. Rec3 b4 40. axb4 axb4 41.
Rc4 d5 42. exd5 Rxd5 43. b3 Re8 44. Qf3 Rd7 45. Qg4 Rdd8 46. Rc7 Qf8 47. R1c4
Re7 48. R7c5 Rde8 49. Rxb4 Re1+ 50. Kh2 Qd6+ 51. Qg3 Rh1+ 52. Kxh1 Qxg3 0-1

[Event "AUTO-OPEN-1291"]
[Site "http://www.queenalice.com/game.php?id=473473"]
[Date "2008.10.6"]
[Round "1"]
[White "Chazam"]
[Black "tomaz"]
[Result "0-1"]
[WhiteElo "1563"]
[BlackElo "1815"]

1. e4 e5 2. d4 exd4 3. Qxd4 Nc6 4. Qe3 d6 5. Bd3 Nf6 6. Bd2 Ne5 7. Be2 Be7 8. h3
O-O 9. Nc3 Be6 10. O-O-O Qc8 11. g4 Bc4 12. g5 Nfd7 13. Rh2 Bxe2 14. Qxe2 f6 15.
Rg2 fxg5 16. Bxg5 Bxg5+ 17. Rxg5 h6 18. Rg6 Nxg6 19. Nf3 Nde5 20. Nd4 Qxh3 21.
Rg1 Qh4 22. Nd5 Rxf2 23. Qd1 c6 24. Nf5 Qxe4 25. Nde7+ Nxe7 26. Rxg7+ Kf8 27.
Rxe7 Qxf5 28. Rxb7 Rf1 29. Qxf1 Qxf1+ 30. Kd2 Nf3+ 0-1

[Event "AUTO-OPEN-1291"]
[Site "http://www.queenalice.com/game.php?id=473474"]
[Date "2008.10.6"]
[Round "1"]
[White "tomaz"]
[Black "Chazam"]
[Result "1-0"]
[WhiteElo "1825"]
[BlackElo "1563"]

1. e4 e5 2. Nf3 f6 3. Bc4 Nh6 4. d4 Bb4+ 5. c3 Ba5 6. dxe5 fxe5 7. Bxh6 gxh6 8.
Nxe5 Qe7 9. Qh5+ Kd8 10. Nf7+ Ke8 11. Nxh8+ Kd8 12. Nf7+ Ke8 13. O-O d6 14.
Nxh6+ Kd7 15. Qxa5 b6 16. Qa4+ c6 17. Nd2 b5 18. Bxb5 cxb5 19. Qxb5+ Nc6 20. Nf5
Qg5 21. Rad1 Rb8 22. Qd5 Qg6 23. Nc4 Bb7 24. Ncxd6 Kc7 25. Nxb7 Rxb7 26. b4 a6
27. a4 Qe8 28. b5 axb5 29. axb5 Nd8 30. Nd6 Qd7 31. Qc5+ Kb8 32. Nxb7 Qxb7 33.
Rxd8+ Qc8 34. Qb6+ Ka8 35. Rxc8# 1-0

[Event "AUTO-OPEN-1291"]
[Site "http://www.queenalice.com/game.php?id=473499"]
[Date "2008.10.6"]
[Round "1"]
[White "tomaz"]
[Black "rubenov"]
[Result "0-1"]
[WhiteElo "1891"]
[BlackElo "2020"]

1. e4 b6 2. d4 Bb7 3. Bd3 e6 4. Nf3 d6 5. O-O Nf6 6. Re1 Be7 7. c4 O-O 8. Nc3
Nbd7 9. d5 e5 10. h3 Nc5 11. Be3 Nxd3 12. Qxd3 Nd7 13. b3 a5 14. a4 Re8 15. Nh2
Bg5 16. Bxg5 Qxg5 17. Nf3 Qh5 18. Nb5 Nc5 19. Qe3 Re7 20. Rab1 Bc8 21. Qg5 Qxg5
22. Nxg5 h6 23. Nf3 f5 24. Nd2 f4 25. f3 Ba6 26. Nc3 Rf7 27. Kh1 Nd3 28. Re2 g5
29. Kg1 h5 30. Nf1 Bc8 31. Rd2 Nc5 32. Nh2 Bd7 33. Ne2 Rg7 34. Kf2 g4 35. hxg4
hxg4 36. fxg4 Nxe4+ 0-1

[Event "AUTO-OPEN-1291"]
[Site "http://www.queenalice.com/game.php?id=473500"]
[Date "2008.10.6"]
[Round "1"]
[White "rubenov"]
[Black "tomaz"]
[Result "1-0"]
[WhiteElo "1996"]
[BlackElo "1904"]

1. d4 d5 2. Bg5 h6 3. Bh4 Nd7 4. Nc3 Ngf6 5. e3 e6 6. a3 Be7 7. Bg3 a6 8. Bd3
O-O 9. Nf3 c5 10. dxc5 Nxc5 11. Be2 Nce4 12. Nxe4 Nxe4 13. Nd4 Bf6 14. c3 Qb6
15. Qc2 Bd7 16. O-O Nxg3 17. hxg3 Rac8 18. Rfd1 e5 19. Nf3 Be6 20. Qd2 e4 21.
Nd4 Bxd4 22. exd4 Qd6 23. Qe3 Rfe8 24. f4 exf3 25. Qxf3 Qe7 26. Bd3 b5 27. Re1
Qd6 28. Re3 Rc7 29. Rae1 Rce7 30. g4 Bxg4 31. Rxe7 Rxe7 32. Rxe7 1-0

[Event "XEQUE MATE"]
[Site "http://www.queenalice.com/game.php?id=480045"]
[Date "2008.10.20"]
[Round "1"]
[White "stephancharette"]
[Black "tomaz"]
[Result "0-1"]
[WhiteElo "1438"]
[BlackElo "1889"]

1. e4 e5 2. Nf3 d6 3. Bb5+ c6 4. Ba4 Nf6 5. O-O Be7 6. d3 a5 7. Nc3 b5 8. Nxb5
cxb5 9. Bxb5+ Bd7 10. Bxd7+ Nbxd7 11. d4 O-O 12. Qe1 Qc7 13. c3 exd4 14. Nxd4
Rfe8 15. f3 d5 16. Qe2 Bc5 17. Rd1 dxe4 18. fxe4 Rxe4 19. Qf2 Ng4 20. Qf3 Qxh2+
21. Kf1 Qh1# 0-1

[Event "Challenge"]
[Site "http://www.queenalice.com/game.php?id=480712"]
[Date "2008.10.21"]
[Round "-"]
[White "cristianowesley"]
[Black "tomaz"]
[Result "0-1"]
[WhiteElo "1679"]
[BlackElo "1891"]

1. e4 e5 2. Nf3 d6 3. d4 exd4 4. Nxd4 c5 5. Nf5 Nf6 6. Bf4 Nxe4 7. Bb5+ Bd7 8.
Qd3 Qa5+ 9. Bd2 Nxd2 10. Nxd2 Qxb5 11. Nc4 Bxf5 12. Qe2+ Kd8 13. a4 Qc6 14. O-O
Be6 15. Rad1 Kc7 16. Qe3 Bxc4 17. Rfe1 Nd7 18. Rd2 Nf6 0-1

[Event "Serpd/Deca II"]
[Site "http://www.queenalice.com/game.php?id=492610"]
[Date "2008.11.13"]
[Round "2"]
[White "tomaz"]
[Black "polly"]
[Result "1-0"]
[WhiteElo "1920"]
[BlackElo "1470"]

1. e4 e5 2. Nf3 Nc6 3. Bc4 h6 4. d4 d6 5. c3 Be6 6. d5 Na5 7. dxe6 Nxc4 8. Qa4+
Ke7 9. Qxc4 fxe6 10. O-O Nf6 11. Nh4 Kf7 12. Nd2 g5 13. Nhf3 Qd7 14. Qb3 Rb8 15.
Re1 Rg8 16. Nc4 Be7 17. Ncxe5+ dxe5 18. Nxe5+ Ke8 19. Nxd7 Kxd7 20. Rd1+ Bd6 21.
e5 Ke7 22. exd6+ cxd6 23. Qa3 Rbd8 24. Qxa7 Rd7 25. Be3 Rgd8 26. h3 d5 27. Re1
Ne4 28. f3 Nf6 29. Bc5+ Kf7 30. Qb6 Re8 31. Re2 Nh5 32. Qb5 Rde7 33. Bxe7 Rxe7
34. Rae1 Nf4 35. Re3 d4 36. cxd4 Nd5 37. Re5 Kf6 38. Qe2 Nf4 39. Qe3 Kg6 40.
Qe4+ Kh5 41. Kh2 Rf7 42. Qc2 Rf5 43. g4+ Kg6 44. gxf5+ exf5 45. Qxf5+ 1-0

[Event "Serpd/Deca II"]
[Site "http://www.queenalice.com/game.php?id=522359"]
[Date "2009.1.14"]
[Round "3"]
[White "tomaz"]
[Black "lucasalex"]
[Result "1-0"]
[WhiteElo "1978"]
[BlackElo "1951"]

1. e4 e5 2. Nf3 Nc6 3. Bc4 Bc5 4. O-O Nf6 5. Ng5 O-O 6. d3 d5 7. exd5 Nxd5 8.
Ne4 Be7 9. c3 Nf6 10. Nxf6+ Bxf6 11. Qe2 Re8 12. Nd2 g6 13. Qf3 Bf5 14. Rd1 Bg7
15. Ne4 a6 16. Bg5 Qd7 17. Nc5 Qc8 18. h3 e4 19. dxe4 Ne5 20. Qe2 Nxc4 21. Qxc4
Be6 22. Nxe6 Qxe6 23. Qxe6 1-0

[Event "AUTO-ADV-1062"]
[Site "http://www.queenalice.com/game.php?id=546312"]
[Date "2009.2.25"]
[Round "2"]
[White "tomaz"]
[Black "goldenboy"]
[Result "1-0"]
[WhiteElo "1958"]
[BlackElo "2061"]

1. e4 e5 2. Nf3 Nc6 3. Bb5 Bc5 4. O-O d6 5. d4 exd4 6. Nxd4 Bd7 7. Nxc6 bxc6 8.
Bc4 Nf6 9. Re1 O-O 10. h3 Re8 11. Nd2 Be6 12. Bxe6 fxe6 13. c3 Rf8 14. Nf3 Nh5
15. Be3 Bb6 16. Bxb6 cxb6 17. Nd4 Qh4 18. Nf3 Qf4 19. Qe2 e5 20. Qc4+ Kh8 21.
Qxc6 Rad8 22. Rad1 Qf6 23. Rd2 Nf4 24. Re3 Qg6 25. Ne1 Qf6 26. Nd3 Rc8 27. Qb7
Nxd3 28. Rexd3 Rcd8 29. Qxa7 Ra8 30. Qxb6 Rxa2 31. Rf3 Ra1+ 32. Kh2 Qe7 33.
Rxf8+ Qxf8 34. Rxd6 Ra8 35. b4 Rb8 36. Qc5 Rc8 37. Qxe5 Qxf2 38. Qf5 Qxf5 39.
exf5 h6 40. Rd3 h5 41. g3 Rc4 42. Kg2 Kg8 43. Kf3 Kf7 44. g4 Kf6 45. b5 Kg5 46.
b6 Rc6 47. b7 Rb6 48. Rd7 hxg4+ 49. hxg4 Rb3 50. Rxg7+ Kf6 51. Rc7 Kg5 52. Ke4
Rb6 53. Rg7+ Kh4 54. Kf4 Kh3 55. g5 Rb5 56. f6 1-0

[Event "AUTO-ADV-1062"]
[Site "http://www.queenalice.com/game.php?id=546313"]
[Date "2009.2.25"]
[Round "2"]
[White "goldenboy"]
[Black "tomaz"]
[Result "0-1"]
[WhiteElo "2046"]
[BlackElo "1957"]

1. e4 e5 2. Nf3 d6 3. Bc4 h6 4. d4 exd4 5. Nxd4 Nf6 6. Nc3 Be7 7. O-O O-O 8. Qf3
c5 9. Nf5 Bxf5 10. Qxf5 Nc6 11. Nd5 Nxd5 12. exd5 Nd4 13. Qd3 Qd7 14. c3 Nf5 15.
Bb3 Nh4 16. Qg3 Kh8 17. Bc2 f5 18. Qh3 Kg8 19. Re1 Rae8 20. Re6 Bd8 21. Qe3 Rxe6
22. dxe6 Qe7 23. g3 Ng6 24. Bd2 Ne5 25. f4 Nc4 26. Qe2 Nxd2 27. Qxd2 Qxe6 28.
Bb3 c4 29. Re1 Qf7 30. Bc2 d5 31. Re5 Bb6+ 32. Kg2 g6 33. Rxd5 Re8 34. Re5 Rxe5
35. fxe5 Qc7 36. Qd5+ Kg7 37. b3 cxb3 38. Bxb3 Qc6 39. c4 Qc5 40. Qxb7+ Kf8 41.
Qb8+ Ke7 42. Qb7+ Ke6 43. Qg7 Qg1+ 44. Kh3 Qf1+ 45. Kh4 Bd8+ 46. Qf6+ Bxf6+ 47.
exf6 Kxf6 0-1

[Event "AUTO-ADV-1062"]
[Site "http://www.queenalice.com/game.php?id=546314"]
[Date "2009.2.25"]
[Round "2"]
[White "tomaz"]
[Black "Krummenauer"]
[Result "1-0"]
[WhiteElo "1942"]
[BlackElo "1911"]

1. e4 e5 2. Nf3 Nc6 3. Bb5 a6 4. Ba4 b5 5. Bb3 Na5 6. c3 Nxb3 7. Qxb3 d6 8. d4
Be6 9. d5 Bd7 10. O-O Be7 11. Nbd2 Nf6 12. Re1 O-O 13. h3 c6 14. dxc6 Bxc6 15.
Qc2 Re8 16. b3 Bf8 17. Nf1 g6 18. Bg5 Bg7 19. Ng3 Qc7 20. Qd2 d5 21. Bxf6 Bxf6
22. exd5 Rad8 23. Ne4 Bg7 24. c4 bxc4 25. bxc4 Ba8 26. Rac1 f5 27. Ng3 e4 28.
Nd4 Qc5 29. Nb3 Qd6 30. Nf1 Qf8 31. Qa5 Qf6 32. Nc5 Rd6 33. Qa4 Rc8 34. Ne6 h6
35. Nxg7 Kxg7 36. Qa3 Rd7 37. Ne3 f4 38. Ng4 Qf5 39. Qc3+ 1-0

[Event "AUTO-ADV-1062"]
[Site "http://www.queenalice.com/game.php?id=546315"]
[Date "2009.2.25"]
[Round "2"]
[White "Krummenauer"]
[Black "tomaz"]
[Result "1-0"]
[WhiteElo "1896"]
[BlackElo "1977"]

1. d4 d5 2. c4 c6 3. cxd5 Qxd5 4. Nc3 Qa5 5. e3 e6 6. Bd2 Nd7 7. Nf3 Ngf6 8. Ne4
Qb6 9. Nxf6+ Nxf6 10. b3 g6 11. Be2 Bg7 12. O-O O-O 13. Bc3 Ne4 14. Bb2 f5 15.
Nd2 Nxd2 16. Qxd2 Qc7 17. Bf3 h5 18. e4 f4 19. d5 e5 20. dxc6 Qxc6 21. Rac1 Qe6
22. Be2 Qe7 23. Bc4+ Kh7 24. f3 h4 25. Qf2 Qg5 26. Bd5 h3 27. Rc7 Rb8 28. Ba3
Qxg2+ 29. Qxg2 hxg2 30. Kxg2 Rd8 31. Rfc1 a6 32. Be7 Rd7 33. Rxd7 Bxd7 34. Rc7
Bc6 35. Bxc6 bxc6 36. Bf6 Rg8 37. Bxe5 g5 38. Bxg7 Rxg7 39. Rxc6 Rg6 40. Rxg6
Kxg6 41. b4 Kf6 42. a4 Ke6 43. b5 axb5 44. axb5 Kd6 45. Kh3 Kc5 46. Kg4 Kxb5 47.
Kxg5 Kc5 48. Kxf4 1-0

[Event "Challenge"]
[Site "http://www.queenalice.com/game.php?id=575829"]
[Date "2009.4.22"]
[Round "-"]
[White "tomaz"]
[Black "giraldes"]
[Result "1-0"]
[WhiteElo "1995"]
[BlackElo "1529"]

1. e4 e5 2. Nf3 Nc6 3. Bc4 h6 4. O-O Bc5 5. c3 Na5 6. Nxe5 Nxc4 7. Nxc4 d6 8. d4
Bb6 9. Nbd2 c5 10. Nf3 Nf6 11. e5 dxe5 12. Nxb6 axb6 13. Nxe5 Be6 14. Re1 O-O
15. h3 Nd5 16. c4 Nb4 17. a3 Nc6 18. d5 Bxd5 19. cxd5 Nd4 20. Be3 Qxd5 21. Bxd4
cxd4 22. Nd3 Rfe8 23. Rxe8+ Rxe8 24. Nb4 Qc4 25. Rc1 Qd5 26. Nxd5 1-0

[Event "XEQUE MATE"]
[Site "http://www.queenalice.com/game.php?id=631429"]
[Date "2009.8.6"]
[Round "4"]
[White "tomaz"]
[Black "lucasalex"]
[Result "1/2-1/2"]
[WhiteElo "2003"]
[BlackElo "1869"]

1. e4 c5 2. Nf3 d6 3. Bc4 Nc6 4. c3 Nf6 5. d3 e6 6. O-O Be7 7. Re1 Qc7 8. d4 d5
9. exd5 exd5 10. Bb5 O-O 11. Bxc6 bxc6 12. Bg5 h6 13. Bh4 Bg4 14. Bg3 Bd6 15.
dxc5 Bxg3 16. fxg3 Rfd8 17. Qd4 Re8 18. Nbd2 Be6 19. Ne5 Nd7 20. Ndf3 Qa5 21. b4
Qc7 22. c4 Reb8 23. cxd5 Bxd5 24. a3 Nf6 25. Ng4 Ne4 26. Ne3 Nf6 27. Nxd5 Nxd5
28. g4 a5 29. bxa5 Rxa5 30. g5 hxg5 31. Nxg5 Qa7 32. Qe4 Qxc5+ 33. Kh1 Nf6 34.
Qf4 Rc8 35. Nf3 Rxa3 36. Rac1 Qb6 37. h3 c5 38. Qf5 Raa8 39. Rc4 Qc7 40. Rec1
Ra5 41. g4 Qd7 42. Rxc5 Qxf5 43. Rxc8+ Qxc8 44. Rxc8+ Kh7 45. Rc7 Kg6 46. Kg2
Rd5 47. Rc6 Kh7 48. Kg3 Rc5 49. Rxc5 Ne4+ 50. Kf4 Nxc5 51. h4 Ne6+ 52. Kg3 f6
53. h5 g6 54. hxg6+ Kxg6 55. Kh4 Kh6 56. Kg3 1/2-1/2

[Event "Challenge"]
[Site "http://www.queenalice.com/game.php?id=694798"]
[Date "2009.12.8"]
[Round "-"]
[White "extermination"]
[Black "tomaz"]
[Result "0-1"]
[WhiteElo "1742"]
[BlackElo "1997"]

1. e4 e5 2. Nf3 d6 3. Nc3 Nf6 4. Bc4 h6 5. d3 Be7 6. Nd5 c6 7. Nxf6+ Bxf6 8. Be3
a5 9. a4 O-O 10. O-O d5 11. exd5 cxd5 12. Bb3 Nc6 13. Bc5 Re8 14. Re1 b6 15. Ba3
Bg4 16. h3 Bh5 17. g4 Bg6 18. c4 d4 19. Rc1 Be7 20. c5 bxc5 21. Bxc5 Bxc5 22.
Rxc5 Qd6 23. Qc2 Nb4 24. Qc1 Nxd3 25. Qc4 Nxc5 0-1

[Event "Challenge"]
[Site "http://www.queenalice.com/game.php?id=768418"]
[Date "2010.4.30"]
[Round "-"]
[White "giraldes"]
[Black "tomaz"]
[Result "0-1"]
[WhiteElo "1528"]
[BlackElo "1998"]

1. c4 e5 2. Nc3 Nf6 3. e4 Bb4 4. Nf3 Nc6 5. a3 Bxc3 6. bxc3 O-O 7. Bd3 d6 8. a4
Bg4 9. Be2 Nxe4 10. O-O h6 11. d3 Nxc3 12. Qd2 Nxe2+ 13. Qxe2 Nd4 14. Qe4 Bxf3
15. gxf3 c6 16. Qg4 Qf6 17. f4 e4 18. dxe4 Nf3+ 19. Qxf3 Qxa1 20. Be3 Qxa4 21.
c5 Rad8 22. h4 Rfe8 23. e5 dxe5 24. fxe5 Qxh4 25. Qh1 Qxh1+ 26. Kxh1 Rxe5 27.
Kg2 a5 28. Re1 a4 29. f4 Rf5 30. Kg3 a3 31. Ra1 Ra8 32. Bc1 Rxc5 33. Bxa3 Rc3+
34. Kg4 Rcxa3 35. Rxa3 Rxa3 0-1

[Event "Challenge"]
[Site "http://www.queenalice.com/game.php?id=768419"]
[Date "2010.4.30"]
[Round "-"]
[White "tomaz"]
[Black "giraldes"]
[Result "1-0"]
[WhiteElo "2000"]
[BlackElo "1526"]

1. e4 c5 2. Nf3 a6 3. c3 Nc6 4. d4 cxd4 5. cxd4 e6 6. Bd3 Bb4+ 7. Bd2 Nf6 8. e5
Nd5 9. Bxb4 Ncxb4 10. Be4 Qa5 11. O-O Qd8 12. a3 Nc6 13. Bxd5 exd5 14. Nc3 d6
15. Re1 O-O 16. Nxd5 Bg4 17. h3 Be6 18. Ne3 dxe5 19. d5 Bxd5 20. Nxd5 Nd4 21.
Rxe5 Nxf3+ 22. Qxf3 f6 23. Ree1 b5 24. Rad1 f5 25. Ne7+ Kh8 26. Rxd8 Rfxd8 27.
Qxf5 Rf8 28. Qh5 Rf6 29. Nc6 g6 30. Qe5 Kg7 31. Rd1 Rf8 32. Rd7+ Rf7 33. Rxf7+
Kxf7 34. Qe7+ Kg8 35. Qxf6 1-0

[Event "XEQUE MATE"]
[Site "http://www.queenalice.com/game.php?id=826503"]
[Date "2010.9.1"]
[Round "5"]
[White "tomaz"]
[Black "polly"]
[Result "1-0"]
[WhiteElo "2002"]
[BlackElo "1702"]

1. e4 e5 2. Nf3 Nc6 3. Bc4 h6 4. O-O Bd6 5. d4 Nxd4 6. Nxd4 exd4 7. Qxd4 Qf6 8.
Qe3 Ne7 9. Re1 O-O 10. e5 Bxe5 11. Qxe5 Qxe5 12. Rxe5 Ng6 13. Re1 d6 14. Nd2 Bf5
15. c3 Rad8 16. Nf3 d5 17. Bb3 Be4 18. Nd4 c6 19. Rd1 a5 20. f3 c5 21. fxe4 cxd4
22. exd5 dxc3 23. bxc3 Ne5 24. Ba3 Rfe8 25. Ba4 Nd7 26. c4 Re4 27. Bb5 b6 28.
Bxd7 Rxd7 29. Rac1 Re3 30. Bb2 a4 31. a3 Rb3 32. Rc2 b5 33. c5 f6 34. c6 1-0